=LDR 00000nam 2200000 4500 =001 INLIS000000000030768 =005 20130612132904 =008 ***********************************Ind** =035 ##$$0010-061300000030768 =041 ##$$a Ind =082 ##$$a 724.6 =090 ##$$a 724.6, Tan a =100 ##$$a Tanudjaja, F. Christian J. Sinar =245 ##$$a Arsitektur modern, tradisi-tradisi dan aliran-aliran serta peranan politik, F. Christian J Sinar Tanudjaja =260 ##$$a 2009 $b Yogyakarta =300 ##$$a xi, 160 hlm, ilus, 22 cm =650 ##$$a Arsitektur, modern =850 ##$$a NBPNMAT